Kobiety w historii na zdjęciach - Statystyki

Ogólne statystyki
  • Ten quiz został rozwiązany 30 razy
  • Średni wynik to 6 z 16
Statystyki odpowiedzi
Obrazkowy Odpowiedź % Poprawnych
Maria Skłodowska-Curie
96%
Elizabeth Taylor (też Kleopatra)
61%
Królowa Wiktoria
61%
Maria Antonina
61%
Królowa Elżbieta I
57%
Joanna d'Arc
54%
Anne Frank
36%
Frida Kahlo
29%
Indira Gandhi
29%
Grace Kelly
21%
Rosa Parks
18%
Eva Peron
14%
Eleanor Roosevelt
7%
Virginia Woolf
7%
Królowa Nefertiti
4%
Empress Dowager Cixi
0%
Nie znaleziono quizów pasujących do podanych kryteriów
Rozkład punktacji
Procent ludzi z każdym wynikiem
Percentyl według liczby udzielonych odpowiedzi
Twoja historia wyników
Nie rozwiązałeś tego quizu